[Event "GBR-ch blitz (Women)"]
[Site "Birmingham"]
[Date "2019.11.16"]
[Round "3"]
[White "Sheikh, Samia Zannat"]
[Black "Jina, Asha"]
[Result "1-0"]
[WhiteElo "1595"]
[BlackElo "1510"]
[PlyCount "93"]
[EventDate "2019.11.16"]
[EventType "tourn (blitz)"]
[EventRounds "15"]
[EventCountry "ENG"]
[SourceTitle "CBM 193 Extra"]
[Source "ChessBase"]
[SourceDate "2020.01.31"]
[SourceVersion "1"]
[SourceVersionDate "2020.01.31"]
[SourceQuality "1"]

1. d4 Nf6 2. c4 d6 3. Nc3 g6 4. Nf3 Bg7 5. Bg5 0-0 6. e3 Nc6 7. Be2 e5 8. 0-0 a6 9. Nd5 h6 10. Nxf6+ Bxf6 11. Bxh6 Re8 12. dxe5 Nxe5 13. Nxe5 Bxe5 14. Bf4 Bxb2 15. Rb1 Bg7 16. h3 Bf5 17. Bd3 Bxd3 18. Qxd3 Rb8 19. Rfd1 Qd7 20. Qd5 Qc6 21. Qxc6 bxc6 22. Rxb8 Rxb8 23. Rd2 Rb4 24. Rc2 Rb1+ 25. Kh2 Ra1 26. c5 d5 27. Bxc7 Rb1 28. Bd6 Rb5 29. a4 Rb4 30. Ra2 f5 31. Bc7 Rc4 32. Bb6 Bf8 33. Rb2 Rxa4 34. Kg3 Rc4 35. Ra2 Bxc5 36. Bc7 Be7 37. Rxa6 Rc2 38. Bf4 Kf7 39. Ra7 Ke6 40. Kf3 c5 41. Ra6+ Kd7 42. Rxg6 c4 43. Ra6 c3 44. Ra7+ Ke8 45. Rc7 Rc1 46. Be5 c2 47. g4 1-0

[Event "GBR-ch blitz (Women)"]
[Site "Birmingham"]
[Date "2019.11.16"]
[Round "7"]
[White "Sheikh, Samia Zannat"]
[Black "Somton, Anita"]
[Result "0-1"]
[WhiteElo "1595"]
[BlackElo "1593"]
[PlyCount "130"]
[EventDate "2019.11.16"]
[EventType "tourn (blitz)"]
[EventRounds "15"]
[EventCountry "ENG"]
[SourceTitle "CBM 193 Extra"]
[Source "ChessBase"]
[SourceDate "2020.01.31"]
[SourceVersion "1"]
[SourceVersionDate "2020.01.31"]
[SourceQuality "1"]

1. d4 d5 2. c4 e6 3. Nc3 Nf6 4. Nf3 Be7 5. Bg5 Nbd7 6. e3 c6 7. cxd5 exd5 8. Bd3 Nf8 9. h3 Ne6 10. Bh4 0-0 11. Ne2 Qc7 12. Bg3 Bd6 13. 0-0 Ne4 14. Bxe4 dxe4 15. Nd2 f5 16. Bxd6 Qxd6 17. Nc4 Qb4 18. b3 f4 19. Qc2 f3 20. Ng3 fxg2 21. Kxg2 Ng5 22. Kh2 Bxh3 23. Rfd1 Bg4 24. Rdc1 Rae8 25. Ne5 Nf3+ 26. Nxf3 Bxf3 27. Qc4+ Qxc4 28. bxc4 h5 29. Rc2 h4 30. Nf1 Rf6 31. Nd2 Bg4 32. Nb3 Ref8 33. Rf1 b6 34. c5 b5 35. Na5 Bd7 36. Nb7 Rf3 37. Nd6 Bf5 38. Nxf5 R8xf5 39. Kg2 h3+ 40. Kh2 g5 41. Rb2 g4 42. Rg1 Rg5 43. a3 a6 44. Rc2 Kf7 45. Rd2 Ke6 46. Rg3 Rxg3 47. Kxg3 Kf5 48. Rd1 Ke6 49. Rh1 Kd5 50. Kf4 Rg8 51. Rc1 a5 52. Kg3 b4 53. axb4 axb4 54. Rb1 Kc4 55. Rc1+ Kb3 56. Rb1+ Ka3 57. Ra1+ Kb2 58. Ra6 b3 59. Rxc6 Kc2 60. Rb6 b2 61. c6 b1Q 62. Rxb1 Kxb1 63. d5 Rc8 64. Kh2 Kc2 65. Kg3 Kd3 0-1

[Event "GBR-ch U1750 106th"]
[Site "Torquay"]
[Date "2019.08.02"]
[Round "5"]
[White "Srikanta Prasad, Suyash"]
[Black "Sheikh, Samia Zannat"]
[Result "0-1"]
[WhiteElo "1185"]
[BlackElo "1508"]
[PlyCount "104"]
[EventDate "2019.07.29"]
[EventType "swiss"]
[EventRounds "7"]
[EventCountry "ENG"]
[SourceTitle "EXT 2025"]
[Source "ChessBase"]
[SourceDate "2024.10.14"]
[SourceVersion "1"]
[SourceVersionDate "2024.10.14"]
[SourceQuality "1"]

1. e4 d6 2. d4 Nf6 3. Nc3 g6 4. Nf3 Bg7 5. Bd3 Nc6 6. 0-0 0-0 7. Be3 Bg4 8. h3 Bxf3 9. Qxf3 e5 10. d5 Nb4 11. a3 Nxd3 12. cxd3 Nd7 13. Qg3 f5 14. f4 Qe7 15. Rac1 Nc5 16. Bxc5 dxc5 17. Na4 exf4 18. Qxf4 Rae8 19. Rfe1 Be5 20. Qd2 b6 21. Nc3 Qh4 22. exf5 Bf4 23. Qd1 Bxc1 24. Rxe8 Rxe8 25. Kh2 Bf4+ 26. g3 Qxg3+ 27. Kh1 Re1+ 28. Qxe1 Qxe1+ 29. Kg2 Qg3+ 30. Kf1 Qxd3+ 31. Kg2 Qg3+ 32. Kf1 Be3 33. Ke2 Qf2+ 34. Kd3 Qd2+ 35. Ke4 Bd4 36. Kf3 Qe3+ 37. Kg4 gxf5+ 38. Kxf5 Bxc3 39. bxc3 Qxh3+ 40. Ke5 Qxc3+ 41. Ke6 h5 42. Kd7 Qe5 43. Kc6 Qd6+ 44. Kb5 h4 45. a4 h3 46. Ka6 b5+ 47. Kxb5 h2 48. Kc4 h1Q 49. Kb5 Qb1+ 50. Kc4 Qc2+ 51. Kb5 Qb3+ 52. Ka5 Qdb6# 0-1

[Event "GBR-ch U1750 106th"]
[Site "Torquay"]
[Date "2019.07.31"]
[Round "3"]
[White "Sheikh, Samia Zannat"]
[Black "Buanne, Luca"]
[Result "0-1"]
[WhiteElo "1508"]
[BlackElo "1636"]
[PlyCount "118"]
[EventDate "2019.07.29"]
[EventType "swiss"]
[EventRounds "7"]
[EventCountry "ENG"]
[SourceTitle "EXT 2025"]
[Source "ChessBase"]
[SourceDate "2024.10.14"]
[SourceVersion "1"]
[SourceVersionDate "2024.10.14"]
[SourceQuality "1"]

1. d4 Nf6 2. c4 e6 3. Nf3 Bb4+ 4. Bd2 Bxd2+ 5. Nbxd2 b6 6. g3 Bb7 7. Bg2 0-0 8. 0-0 d6 9. e3 c5 10. Qc2 cxd4 11. Nxd4 Bxg2 12. Kxg2 d5 13. cxd5 Qxd5+ 14. N4f3 Nbd7 15. Nb3 Rac8 16. Qe2 Qb7 17. Kg1 Nc5 18. Nxc5 Rxc5 19. b4 Rc7 20. Rac1 Rfc8 21. Rxc7 Rxc7 22. Nd4 Nd5 23. Nb5 Qa6 24. Re1 Rc6 25. Nd4 Qxe2 26. Rxe2 Rc1+ 27. Kg2 Nxb4 28. Rb2 Nd5 29. Nb3 a6 30. Nd4 e5 31. Nf3 e4 32. Ng5 f5 33. Ne6 Kf7 34. Nd4 g6 35. Nb3 Rc4 36. Nd4 b5 37. Rd2 Nb4 38. a3 Nd3 39. f3 Ne1+ 40. Kf2 Nxf3 41. Nxf3 exf3 42. Kxf3 Ra4 43. Rd3 Ke6 44. h3 h5 45. Ke2 g5 46. Rc3 h4 47. gxh4 gxh4 48. Rd3 Ke5 49. Rb3 Kd5 50. Rc3 Ke4 51. Rb3 Rc4 52. Kd2 Kf3 53. Ke1 Re4 54. Kd2 Kg3 55. Rb1 Kxh3 56. Rf1 Kg4 57. Ke2 f4 58. Rg1+ Kf5 59. Rh1 Rxe3+ 0-1

[Event "GBR-ch U14 106th"]
[Site "Torquay"]
[Date "2019.07.30"]
[Round "3"]
[White "Sheikh, Samia Zannat"]
[Black "Headlong, Georgia"]
[Result "1-0"]
[WhiteElo "1508"]
[BlackElo "1482"]
[PlyCount "103"]
[EventDate "2019.07.28"]
[EventType "swiss"]
[EventRounds "7"]
[EventCountry "ENG"]
[SourceTitle "EXT 2020"]
[Source "ChessBase"]
[SourceDate "2019.10.17"]
[SourceVersion "1"]
[SourceVersionDate "2019.10.17"]
[SourceQuality "1"]

1. d4 Nf6 2. c4 e6 3. Nf3 b6 4. Nc3 Bb4 5. Bd2 0-0 6. e3 Bb7 7. Be2 d6 8. a3 Bxc3 9. Bxc3 Ne4 10. Qc2 Nd7 11. 0-0 f5 12. Nd2 Nxc3 13. bxc3 Nf6 14. Bf3 Bxf3 15. Nxf3 Ne4 16. Nd2 d5 17. cxd5 exd5 18. Nxe4 fxe4 19. c4 c6 20. a4 Qd6 21. Qe2 Qe6 22. Rac1 Rab8 23. cxd5 cxd5 24. Qb5 Rfc8 25. a5 bxa5 26. Qxa5 a6 27. Rb1 Rxb1 28. Rxb1 Kf7 29. h3 Rc6 30. Rb7+ Kg6 31. Qd8 Qd6 32. Qxd6+ Rxd6 33. Ra7 Kf6 34. g4 h6 35. Kg2 g5 36. Kg3 Kg6 37. h4 gxh4+ 38. Kxh4 Rf6 39. Kg3 h5 40. Rd7 hxg4 41. Rxd5 Kf7 42. Ra5 Rf3+ 43. Kg2 Rf6 44. Ra2 Kg6 45. Kg3 Kg5 46. Ra5+ Rf5 47. Rxa6 Rf3+ 48. Kg2 g3 49. fxg3 Rxe3 50. Kf2 Rd3 51. Rd6 Kg4 52. Kg2 1-0

[Event "UK-ch blitz (Women) op"]
[Site "Solihull"]
[Date "2018.12.01"]
[Round "1"]
[White "Sheikh, Samia Zannat"]
[Black "Orlovska, Madara"]
[Result "0-1"]
[WhiteElo "1551"]
[BlackElo "2080"]
[PlyCount "104"]
[EventDate "2018.12.01"]
[EventType "tourn (blitz)"]
[EventRounds "15"]
[EventCountry "ENG"]
[SourceTitle "EXT 2020"]
[Source "ChessBase"]
[SourceDate "2019.10.17"]
[SourceVersion "1"]
[SourceVersionDate "2019.10.17"]
[SourceQuality "1"]

1. d4 Nf6 2. c4 g6 3. Nc3 Bg7 4. Nf3 d6 5. Bg5 h6 6. Bh4 0-0 7. e3 Nc6 8. Bd3 a6 9. 0-0 Rb8 10. Qc2 e5 11. a3 Bg4 12. dxe5 dxe5 13. Be2 Bf5 14. e4 Be6 15. Rfd1 Qc8 16. h3 g5 17. Bg3 Nh5 18. Bh2 Nf4 19. Bxf4 exf4 20. Nd5 f5 21. Bd3 g4 22. hxg4 fxg4 23. Nh2 g3 24. fxg3 fxg3 25. Nf3 Bg4 26. Rf1 Qe8 27. Rae1 Qh5 28. Ne3 Bd4 29. c5 Kh8 30. b4 Ne5 31. Bc4 Nxc4 32. Qxc4 Bxe3+ 33. Rxe3 Rxf3 34. Rfxf3 Qh2+ 35. Kf1 Qh1+ 36. Ke2 Qxg2+ 37. Kd3 Rd8+ 38. Kc3 Bxf3 39. Rd3 Rxd3+ 40. Qxd3 Bxe4 41. Qd8+ Kg7 42. Qxc7+ Kg6 43. Qd6+ Kg5 44. Qe5+ Kg4 45. Qe6+ Bf5 46. Qg8+ Kh3 47. Qg7 Qc2+ 48. Kd4 Qb2+ 49. Ke3 Qxg7 50. Ke2 Qc3 51. Kf1 Qe3 52. b5 Qf2# 0-1

[Event "BCF-ch Weekend Under 1825 105th"]
[Site "Hull"]
[Date "2018.07.29"]
[Round "5.9"]
[White "Ashworth, Robert M"]
[Black "Sheikh, Samia Zannat"]
[Result "1-0"]
[WhiteElo "1714"]
[BlackElo "1448"]
[PlyCount "107"]
[EventDate "2018.07.27"]
[EventType "swiss"]
[EventRounds "5"]
[EventCountry "ENG"]
[SourceTitle "EXT 2021"]
[Source "ChessBase"]
[SourceDate "2020.10.23"]
[SourceVersion "1"]
[SourceVersionDate "2020.10.23"]
[SourceQuality "1"]

1. e4 c5 2. Nf3 Nc6 3. Bb5 d6 4. Bxc6+ bxc6 5. 0-0 g6 6. d3 Bg7 7. c3 Bg4 8. h3 Bxf3 9. Qxf3 d5 10. Re1 e6 11. Bf4 Ne7 12. Nd2 0-0 13. Nb3 e5 14. Bg3 Qd6 15. d4 cxd4 16. cxd4 dxe4 17. Qxe4 f5 18. Bxe5 Bxe5 19. Qxe5 Qxe5 20. Rxe5 Nd5 21. Re6 Nb4 22. Re7 Rf7 23. Rxf7 Kxf7 24. Na5 Rc8 25. a3 Nd5 26. Rc1 Ne7 27. Kf1 Ke6 28. Ke2 Kd5 29. Kd3 Kd6 30. Re1 Nd5 31. g3 Rb8 32. b4 f4 33. g4 f3 34. Rc1 Nf4+ 35. Ke4 Nxh3 36. Rxc6+ Kd7 37. Rf6 Ng5+ 38. Kd5 Rb5+ 39. Kc4 Rb8 40. d5 Rc8+ 41. Nc6 Rc7 42. Kd4 Rc8 43. Ne5+ Ke7 44. Ra6 Ra8 45. d6+ Ke8 46. Kd5 h5 47. gxh5 gxh5 48. Ng6 Kd7 49. Rc6 Kd8 50. Rc7 a5 51. b5 Rb8 52. a4 Nh3 53. Rg7 Rb6 54. Kc5 1-0

[Event "BCF-ch Weekend Under 1825 105th"]
[Site "Hull"]
[Date "2018.07.29"]
[Round "4.10"]
[White "Sheikh, Samia Zannat"]
[Black "McCormick, Graeme"]
[Result "1/2-1/2"]
[WhiteElo "1448"]
[BlackElo "1731"]
[PlyCount "36"]
[EventDate "2018.07.27"]
[EventType "swiss"]
[EventRounds "5"]
[EventCountry "ENG"]
[SourceTitle "EXT 2021"]
[Source "ChessBase"]
[SourceDate "2020.10.23"]
[SourceVersion "1"]
[SourceVersionDate "2020.10.23"]
[SourceQuality "1"]

1. d4 Nf6 2. c4 g6 3. Nc3 Bg7 4. Nf3 d6 5. Bg5 h6 6. Bh4 0-0 7. Qd2 Nc6 8. e3 Bg4 9. Be2 Qd7 10. h3 Bxf3 11. Bxf3 e5 12. Bxc6 Qxc6 13. Bxf6 Bxf6 14. Nd5 Kg7 15. Nxf6 Kxf6 16. dxe5+ dxe5 17. Qd5 Qxd5 18. cxd5 Rfd8 1/2-1/2

[Event "Telford 4NCL op-B 19th"]
[Site "Telford"]
[Date "2018.07.14"]
[Round "3"]
[White "Sheikh, Samia Zannat"]
[Black "Reed, John"]
[Result "0-1"]
[WhiteElo "1448"]
[BlackElo "1900"]
[PlyCount "80"]
[EventDate "2018.07.13"]
[EventType "swiss"]
[EventRounds "5"]
[EventCountry "ENG"]
[SourceTitle "EXT 2019"]
[Source "ChessBase"]
[SourceDate "2018.10.10"]
[SourceVersion "1"]
[SourceVersionDate "2018.10.10"]
[SourceQuality "1"]

1. d4 Nf6 2. c4 d6 3. Nc3 e5 4. e3 Nbd7 5. Bd3 g6 6. Nf3 Bg7 7. 0-0 0-0 8. Qc2 Re8 9. b3 b6 10. Bb2 Bb7 11. Nd2 exd4 12. exd4 Nh5 13. Ne2 Bh6 14. Ne4 f5 15. N4g3 Qh4 16. Nxh5 Qxh5 17. Bc1 Bxc1 18. Raxc1 Qg5 19. Ng3 h5 20. f4 Qf6 21. Qf2 h4 22. Ne2 Be4 23. Rcd1 h3 24. gxh3 c6 25. Bxe4 Rxe4 26. Ng3 Re7 27. Qg2 Rc8 28. d5 c5 29. Rfe1 Rce8 30. Rxe7 Rxe7 31. h4 Qxh4 32. Nxf5 Re1+ 33. Rxe1 Qxe1+ 34. Qf1 Qxf1+ 35. Kxf1 gxf5 36. Kf2 Kg7 37. Kf3 Kg6 38. a3 Nf6 39. h3 Ne4 40. b4 Nd2+ 0-1

[Event "Telford 4NCL op-B 19th"]
[Site "Telford"]
[Date "2018.07.14"]
[Round "2"]
[White "Tarr, Steve"]
[Black "Sheikh, Samia Zannat"]
[Result "0-1"]
[WhiteElo "1757"]
[BlackElo "1448"]
[PlyCount "74"]
[EventDate "2018.07.13"]
[EventType "swiss"]
[EventRounds "5"]
[EventCountry "ENG"]
[SourceTitle "EXT 2019"]
[Source "ChessBase"]
[SourceDate "2018.10.10"]
[SourceVersion "1"]
[SourceVersionDate "2018.10.10"]
[SourceQuality "1"]

1. d4 Nf6 2. Bf4 d6 3. e3 g6 4. Nc3 Bg7 5. h4 h5 6. Be2 Nbd7 7. Nf3 Ng4 8. Ng5 e5 9. dxe5 dxe5 10. Bg3 Ngf6 11. Bc4 0-0 12. Qd3 Qe7 13. Qxg6 c6 14. Qd3 Nc5 15. Qe2 Bf5 16. e4 Bg6 17. f3 Bh6 18. Bf2 Ncd7 19. Be3 Kg7 20. 0-0-0 b5 21. Bb3 a5 22. a4 b4 23. Na2 Nc5 24. Qc4 Nfd7 25. Kb1 Rfe8 26. Rde1 f6 27. Nh3 Bxe3 28. Rxe3 Nb6 29. Qe2 Nbxa4 30. f4 exf4 31. Nxf4 Qe5 32. Bxa4 Nxa4 33. c3 Qxf4 34. cxb4 axb4 35. Nxb4 Bxe4+ 36. Kc1 Bg6 37. Re1 Qxb4 0-1

[Event "Midland-ch U14"]
[Site "Kenilworth"]
[Date "2018.04.05"]
[Round "6"]
[White "Weersing, Abigail W"]
[Black "Sheikh, Samia Zannat"]
[Result "1-0"]
[WhiteElo "1451"]
[BlackElo "1493"]
[PlyCount "119"]
[EventDate "2018.04.03"]
[EventType "swiss"]
[EventRounds "6"]
[EventCountry "ENG"]
[SourceTitle "EXT 2025"]
[Source "ChessBase"]
[SourceDate "2024.10.14"]
[SourceVersion "1"]
[SourceVersionDate "2024.10.14"]
[SourceQuality "1"]

1. d4 d6 2. c4 Nf6 3. Nc3 g6 4. e4 Bg7 5. Nge2 Nbd7 6. Ng3 e5 7. d5 Nb6 8. Be2 c6 9. 0-0 0-0 10. Bg5 Qc7 11. Rc1 Nbd7 12. a3 a6 13. b4 c5 14. Qb3 Rb8 15. b5 a5 16. Rb1 b6 17. Qd1 h6 18. Be3 g5 19. Nf5 Re8 20. Qc1 Nh7 21. h4 Ndf8 22. hxg5 Bxf5 23. exf5 hxg5 24. Bxg5 Nxg5 25. Qxg5 Qe7 26. Qxe7 Rxe7 27. Ne4 Rd7 28. f6 Bh6 29. Bg4 Rdd8 30. Bf5 Ng6 31. Bxg6 fxg6 32. Kh2 Kf7 33. Rh1 Rd7 34. g3 g5 35. Kg2 Kg6 36. g4 Rbd8 37. Rh5 Rf8 38. Rbh1 Rh8 39. f7 Rxf7 40. Nxd6 Rd7 41. Nf5 Rdh7 42. Rxh6+ Rxh6 43. Rxh6+ Rxh6 44. Nxh6 Kf6 45. Kf3 Ke7 46. Ke4 Kf6 47. f3 a4 48. Ng8+ Kf7 49. Kxe5 Ke8 50. d6 Kd7 51. Kd5 Kd8 52. Ke6 Ke8 53. d7+ Kd8 54. Nh6 Kc7 55. Ke7 Kb7 56. Kd6 Ka7 57. Kc6 Kb8 58. d8Q+ Ka7 59. Qc7+ Ka8 60. Qb7# 1-0